Normal view
MARC view
- Rippon, Gina
Entry Nombre Personal
001 - NUMERO DE CONTROL
- campo de control: 48101
003 - IDENTIFICADOR DE NUMERO DE CONTROL
- campo de control: DLC
005 - FECHA Y HORA DE LA ÜLTIMA TRANSACCIÓN
- campo de control: 20230307103800.0
008 - DATOS DE LONGITUD FIJA
- campo de control de longitud fija: 190125n| azannaabn |n aaa
010 ## - NÚMERO DE CONTROL DE LA BIBLIOTECA DEL CONGRESO
- Número de control LC: n 2019004458
040 ## - FUENTE DE CATALOGACIÓN
- Agencia original de catalogación: DLC
- Lenguaje de catalogación: spa
- Description conventions: rda
- Agencia de transcripción: DLC
- Agencia que lo modifica: MX-MxUPN
100 1# - ENCABEZAMIENTO - NOMBRE PERSONAL
- Nombre personal: Rippon, Gina
372 ## - CAMPO DE ACTIVIDAD
- Field of activity: Neuroimagen cognitiva
373 ## - GRUPO ASOCIADO
- Associated group: Aston University
374 ## - OCUPACIÓN
- Occupation: Profesora universitaria
377 ## - LENGUA ASOCIADA
- Language code: eng
670 ## - FUENTE EN LA QUE SE LOCALIZARON DATOS
- Cita de la fuente: Gender and our brains, 2019:
- Información localizada: portada (Gina Rippon) solapa (profesora de neuroimagen cognitiva en el Aston Brain Centre, Aston University, Birmingham; vive en Birmingham, England)
902 ## - CATALOGADOR
- Catalogador: Víctor Ruiz/070323
